Trasa IC Heweliusz - Statystyki

Ogólne statystyki
  • Ten quiz został rozwiązany 22 razy
  • Średni wynik to 23 z 30
Statystyki odpowiedzi
Stacje % Poprawnych
Wrocław Główny
94%
Bydgoszcz Główna
88%
Gdańsk Główny
88%
GDYNIA GŁÓWNA
88%
Poznań Główny
88%
BIELSKO BIAŁA GŁÓWNA
82%
Gdańsk Oliwa
82%
Gdańsk Wrzeszcz
82%
Leszno
82%
Sopot
82%
Kędzierzyn-Koźle
76%
Oborniki Śląskie
76%
Rawicz
76%
Rybnik
76%
Tczew
76%
Żmigród
76%
Brzeg
71%
Gniezno
71%
Gogolin
71%
Kościan
71%
Oława
71%
Opole Główne
71%
Wrocław Mikołajów
71%
Żory
71%
Czechowice-Dziedzice
65%
Inowrocław
65%
Laskowice Pomorskie
65%
Mogilno
65%
Zdzieszowice
65%
Kuźnia Raciborska
53%
Nie znaleziono quizów pasujących do podanych kryteriów
Rozkład punktacji
Procent ludzi z każdym wynikiem
Percentyl według liczby udzielonych odpowiedzi
Twoja historia wyników
Nie rozwiązałeś tego quizu